Normal view
MARC view
Entry Personal Name
001 - CONTROL NUMBER
- control field: 39098
003 - CONTROL NUMBER IDENTIFIER
- control field: dpl
005 - DATE AND TIME OF LATEST TRANSACTION
- control field: 20120112154518.0
008 - FIXED-LENGTH DATA ELEMENTS
- fixed length control field: 120112|||a|||||| | ||| d
040 ## - CATALOGING SOURCE
- Original cataloging agency: dpl
- Transcribing agency: dpl
100 ## - HEADING--PERSONAL NAME
- Personal name: Blacker, Terence
670 ## - SOURCE DATA FOUND
- Source citation: Work cat.: (dpl)60366: Blacker, Terence , Ms Wiz goes to hollywood /, 2011
670 ## - SOURCE DATA FOUND
- Source citation: Work cat.: (dpl)60366: Blacker, Terence , Ms Wiz goes to hollywood /, 2011
